| 000 | 003490000a22001570004500 | ||
|---|---|---|---|
| 001 | 001376 | ||
| 003 | MACL | ||
| 040 | _aMACL | ||
| 090 |
_c1376 _d1376 |
||
| 100 | _aChatterjee, Nabanita | ||
| 245 |
_aIn Quest of Song Offering _cNabanita Chatterjee |
||
| 260 |
_aB.K. Chatterjee, _c1999 |
||
| 350 | _a100 | ||
| 650 | _aLiterature | ||
| 942 |
_k891 _cBook |
||
| 999 |
_c1371 _d1371 |
||